[Event "Titled Tuesday 2022.09.06 Late"]
[Site "chess.com INT"]
[Date "2022.09.06"]
[Round "1"]
[White "Zenin, D."]
[Black "Hambleton, Aman"]
[Result "0-1"]
[WhiteElo "2163"]
[BlackElo "2437"]
[PlyCount "70"]
[EventDate "2022.09.06"]
[EventType "swiss (blitz)"]
[EventRounds "11"]
[EventCountry "NET"]
[Source "Mark Crowther"]
[SourceDate "2022.09.12"]

1. d4 Nf6 2. c4 e6 3. Nc3 Bb4 4. Qc2 c5 5. dxc5 Qc7 6. Nf3 Bxc5 7. g3 Qb6 8. e3
a6 9. Bg2 Be7 10. O-O d6 11. b3 O-O 12. Bb2 Qc7 13. Nd4 Ra7 14. Rfd1 b6 15. a4
Bb7 16. e4 Nbd7 17. Rac1 Raa8 18. Qe2 Rac8 19. h3 Rfe8 20. Qd2 Nc5 21. Qc2 Qb8
22. b4 Ncd7 23. Qb3 Ne5 24. Nce2 Nxe4 25. f4 Nd7 26. Qe3 Nef6 27. Bxb7 Qxb7 28.
Kh2 d5 29. Qb3 dxc4 30. Rxc4 Rxc4 31. Qxc4 Rc8 32. Qb3 h5 33. b5 Nc5 34. Qa2
Ra8 35. Qb1 Nxa4 0-1

[Event "Titled Tuesday 2022.09.06 Late"]
[Site "chess.com INT"]
[Date "2022.09.06"]
[Round "2"]
[White "Hambleton, Aman"]
[Black "Papayan, O."]
[Result "1-0"]
[WhiteElo "2437"]
[BlackElo "2253"]
[PlyCount "73"]
[EventDate "2022.09.06"]
[EventType "swiss (blitz)"]
[EventRounds "11"]
[EventCountry "NET"]
[Source "Mark Crowther"]
[SourceDate "2022.09.12"]

1. d4 Nf6 2. c4 e6 3. Nc3 Bb4 4. Qc2 O-O 5. Nf3 d5 6. cxd5 exd5 7. Bg5 h6 8.
Bh4 c6 9. e3 Re8 10. Bd3 Be6 11. O-O Nbd7 12. Ne5 Be7 13. f4 Nxe5 14. dxe5 Ng4
15. Bxe7 Qxe7 16. Rae1 Nxe3 17. Rxe3 d4 18. Ree1 dxc3 19. Qxc3 Bd5 20. Bb1 Rad8
21. Qc2 g6 22. f5 Qg5 23. fxg6 Qxg6 24. Qxg6+ fxg6 25. Bxg6 Re7 26. a3 Bc4 27.
Rf4 b5 28. h4 Rd2 29. b4 Bd5 30. Rg4 Rg7 31. e6 Kf8 32. h5 Ke7 33. Re3 Ra2 34.
Kh2 a5 35. bxa5 Rd2 36. a6 Kd6 37. a7 1-0

[Event "Titled Tuesday 2022.09.06 Late"]
[Site "chess.com INT"]
[Date "2022.09.06"]
[Round "4"]
[White "Hambleton, Aman"]
[Black "Bok, B."]
[Result "0-1"]
[WhiteElo "2437"]
[BlackElo "2618"]
[PlyCount "84"]
[EventDate "2022.09.06"]
[EventType "swiss (blitz)"]
[EventRounds "11"]
[EventCountry "NET"]
[Source "Mark Crowther"]
[SourceDate "2022.09.12"]

1. d4 Nf6 2. c4 e6 3. Nc3 Bb4 4. Qc2 b6 5. e4 c5 6. d5 Qe7 7. dxe6 Qxe6 8. f3
Nc6 9. Bd3 Ba6 10. Nge2 Bxc4 11. Nf4 Bxd3 12. Qxd3 Qe5 13. O-O Bxc3 14. bxc3
O-O 15. Be3 Rad8 16. Rfd1 d6 17. Rac1 Qe7 18. Bf2 Ne5 19. Qe2 Ng6 20. Nd5 Nxd5
21. Rxd5 Nf4 22. Qd2 Nxd5 23. Qxd5 Qe6 24. Qd2 d5 25. exd5 Rxd5 26. Qc2 Re8 27.
h3 h6 28. a4 Qe2 29. Qb3 Rd2 30. Rf1 Qd3 31. a5 bxa5 32. Bxc5 Ree2 33. Bf2 Rxf2
34. Rxf2 Qe3 35. Qb8+ Kh7 36. Qb1+ g6 37. Qf1 a4 38. c4 a3 39. c5 a2 40. c6
Qxf2+ 41. Qxf2 Rxf2 42. c7 Rc2 0-1

[Event "Titled Tuesday 2022.09.06 Late"]
[Site "chess.com INT"]
[Date "2022.09.06"]
[Round "5"]
[White "Krishnan, V."]
[Black "Hambleton, Aman"]
[Result "1-0"]
[WhiteElo "2306"]
[BlackElo "2437"]
[PlyCount "151"]
[EventDate "2022.09.06"]
[EventType "swiss (blitz)"]
[EventRounds "11"]
[EventCountry "NET"]
[Source "Mark Crowther"]
[SourceDate "2022.09.12"]

1. e4 c5 2. Nf3 e6 3. Be2 Nc6 4. d4 cxd4 5. Nxd4 Qc7 6. Nc3 a6 7. O-O Nf6 8.
Be3 Bb4 9. Na4 Be7 10. Nxc6 bxc6 11. Nb6 Rb8 12. Nxc8 Qxc8 13. e5 Nd5 14. Bc1
c5 15. c4 Nb4 16. b3 O-O 17. Bb2 Qc7 18. f4 f6 19. Bf3 fxe5 20. fxe5 a5 21. Be4
Rxf1+ 22. Kxf1 Rf8+ 23. Kg1 Rf4 24. Qh5 h6 25. Qe8+ Bf8 26. Qg6 Nc6 27. g3 Rxe4
28. Qxe4 a4 29. Rf1 Qd8 30. Qg6 Qe7 31. Bc3 axb3 32. axb3 Nd8 33. Qe4 Nf7 34.
h4 h5 35. Bd2 Nh8 36. Bg5 Qe8 37. Qf3 Nf7 38. Qxh5 d5 39. cxd5 exd5 40. Bf4 Qe6
41. Qf3 c4 42. bxc4 dxc4 43. Qe4 Bb4 44. Rb1 Bc5+ 45. Kg2 Qd7 46. Rb8+ Nd8 47.
e6 Qd3 48. Qxd3 cxd3 49. Rxd8+ Kh7 50. Rxd3 Kg6 51. Be3 Be7 52. Bd4 Kf5 53.
Rf3+ Kxe6 54. Re3+ Kf7 55. Rxe7+ Kxe7 56. Bxg7 Kf7 57. Bb2 Kg6 58. Kf2 Kh5 59.
Kf3 Kg6 60. g4 Kh6 61. h5 Kg5 62. Kg3 Kh6 63. Kf4 Kh7 64. Kg5 Kg8 65. Kg6 Kf8
66. h6 Kg8 67. h7+ Kf8 68. h8=Q+ Ke7 69. Qf6+ Ke8 70. Kh5 Kd7 71. g5 Ke8 72. g6
Kd7 73. g7 Ke8 74. g8=Q+ Kd7 75. Qgg7+ Ke8 76. Qff8# 1-0

[Event "Titled Tuesday 2022.09.06 Late"]
[Site "chess.com INT"]
[Date "2022.09.06"]
[Round "6"]
[White "Hambleton, Aman"]
[Black "Stanojoski, Z."]
[Result "0-1"]
[WhiteElo "2437"]
[BlackElo "2413"]
[PlyCount "142"]
[EventDate "2022.09.06"]
[EventType "swiss (blitz)"]
[EventRounds "11"]
[EventCountry "NET"]
[Source "Mark Crowther"]
[SourceDate "2022.09.12"]

1. d4 d5 2. Bf4 e6 3. e3 Bd6 4. Nd2 Bxf4 5. exf4 c5 6. dxc5 Qc7 7. g3 Qxc5 8.
Ngf3 Nf6 9. Bd3 Qb6 10. Rb1 O-O 11. O-O Nc6 12. c3 a5 13. Qe2 a4 14. a3 Qa5 15.
Rfe1 h6 16. Ne5 Qc7 17. Ndf3 Ne7 18. Nd4 Nd7 19. Rbd1 Nc6 20. Qe3 Nxd4 21. Qxd4
Nf6 22. h4 b6 23. Re3 Qc5 24. Bb1 Qxd4 25. Rxd4 b5 26. Bd3 Ba6 27. f5 exf5 28.
Bxf5 Rfe8 29. f3 Re7 30. Kf2 Rae8 31. Rd1 Rxe5 32. Rxe5 Rxe5 33. Bd3 Kf8 34.
Bf1 Ke7 35. Rd4 Kd6 36. g4 g5 37. hxg5 hxg5 38. Bd3 Ne8 39. Rb4 Nc7 40. f4 gxf4
41. Rxf4 Ke7 42. Be2 Re4 43. Rf5 f6 44. Rh5 Re5 45. Rh7+ Kd6 46. Rh6 Re6 47.
Bd3 Ke5 48. Bf5 Re7 49. Ke3 Ne6 50. Bd3 Ng5 51. Bf5 Rc7 52. Rh8 Re7 53. Ra8 Bb7
54. Rb8 Kd6+ 55. Kf4 Ne6+ 56. Kg3 Nc5 57. Rf8 Ke5 58. Kf3 Ne4 59. Ke3 Nd6 60.
Rb8 Nxf5+ 61. gxf5 Kxf5+ 62. Kd4 Ke6 63. Rh8 Kd6 64. Rh6 Re4+ 65. Kd3 Re6 66.
Kd4 Bc6 67. Rg6 Re4+ 68. Kd3 Rf4 69. Rh6 Bd7 70. Rh8 Rf2 71. Rh6 Ke6 0-1

[Event "Titled Tuesday 2022.09.06 Late"]
[Site "chess.com INT"]
[Date "2022.09.06"]
[Round "7"]
[White "Lopez Perdomo, J."]
[Black "Hambleton, Aman"]
[Result "0-1"]
[WhiteElo "2004"]
[BlackElo "2437"]
[PlyCount "86"]
[EventDate "2022.09.06"]
[EventType "swiss (blitz)"]
[EventRounds "11"]
[EventCountry "NET"]
[Source "Mark Crowther"]
[SourceDate "2022.09.12"]

1. e4 b6 2. d4 Bb7 3. f3 e6 4. c3 d5 5. e5 c5 6. Bd3 Qc8 7. Ne2 Ba6 8. Bc2 Ne7
9. O-O Nbc6 10. a3 cxd4 11. cxd4 Bxe2 12. Qxe2 Nxd4 13. Ba4+ b5 14. Bxb5+ Nxb5
15. Qxb5+ Qd7 16. Qd3 h5 17. Nc3 Nf5 18. Bg5 Bc5+ 19. Kh1 h4 20. Ne2 Rb8 21.
Rac1 Be7 22. Bxe7 Qxe7 23. b4 O-O 24. Rc5 Qg5 25. f4 Qg6 26. Qa6 Ne3 27. Rg1 h3
28. Ng3 hxg2+ 29. Rxg2 Nxg2 30. Kxg2 Qg4 31. Qf1 Rfc8 32. h3 Qg6 33. Qf2 Rxc5
34. Qxc5 a5 35. b5 a4 36. b6 Qb1 37. f5 Qb2+ 38. Kf3 Qxb6 39. Qc2 Qb3+ 40. Kg4
Qxc2 41. Kg5 Rb3 42. Nh5 Qxf5+ 43. Kh4 Rxh3# 0-1

[Event "Titled Tuesday 2022.09.06 Late"]
[Site "chess.com INT"]
[Date "2022.09.06"]
[Round "8"]
[White "Rego, P."]
[Black "Hambleton, Aman"]
[Result "1/2-1/2"]
[WhiteElo "2273"]
[BlackElo "2437"]
[PlyCount "61"]
[EventDate "2022.09.06"]
[EventType "swiss (blitz)"]
[EventRounds "11"]
[EventCountry "NET"]
[Source "Mark Crowther"]
[SourceDate "2022.09.12"]

1. e4 b6 2. d4 Bb7 3. Nc3 e6 4. Bd3 Nf6 5. Qe2 Bb4 6. Bd2 d5 7. e5 Bxc3 8. bxc3
Ne4 9. f3 Qh4+ 10. Kf1 Nxd2+ 11. Qxd2 c5 12. g3 Qe7 13. f4 O-O 14. Nf3 Ba6 15.
Kg2 Bxd3 16. cxd3 cxd4 17. Nxd4 Rc8 18. Rhf1 g6 19. h4 Nc6 20. Nb5 h5 21. Rae1
Qd7 22. Nd6 Rc7 23. Nb5 Rcc8 24. Nd6 Rd8 25. f5 exf5 26. Rxf5 gxf5 27. Qg5+ Kf8
28. Qh6+ Kg8 29. Qg5+ Kf8 30. Qh6+ Kg8 31. Qg5+ 1/2-1/2

[Event "Titled Tuesday 2022.09.06 Late"]
[Site "chess.com INT"]
[Date "2022.09.06"]
[Round "9"]
[White "Hambleton, Aman"]
[Black "Miszler, Levente"]
[Result "0-1"]
[WhiteElo "2437"]
[BlackElo "2280"]
[PlyCount "40"]
[EventDate "2022.09.06"]
[EventType "swiss (blitz)"]
[EventRounds "11"]
[EventCountry "NET"]
[Source "Mark Crowther"]
[SourceDate "2022.09.12"]

1. d4 Nf6 2. Bf4 g6 3. Nc3 Bg7 4. e4 O-O 5. Qd2 d6 6. O-O-O Nbd7 7. e5 Ne8 8.
Bh6 d5 9. Bxg7 Nxg7 10. Nxd5 c5 11. dxc5 Re8 12. Nf3 Ne6 13. Qh6 Qa5 14. Bc4
Qxc5 15. Bb3 a5 16. h4 a4 17. Ng5 Ndf8 18. h5 Nxg5 19. hxg6 axb3 20. Qxg5 Qxc2#
0-1

[Event "Titled Tuesday 2022.08.30 Early"]
[Site "chess.com INT"]
[Date "2022.08.30"]
[Round "1"]
[White "Vagman, Roy"]
[Black "Hambleton, Aman"]
[Result "0-1"]
[WhiteElo "2313"]
[BlackElo "2436"]
[PlyCount "168"]
[EventDate "2022.08.30"]
[EventType "swiss (blitz)"]
[EventRounds "11"]
[EventCountry "NET"]
[Source "Mark Crowther"]
[SourceDate "2022.09.05"]

1. e4 c5 2. Nf3 e6 3. d4 cxd4 4. Nxd4 a6 5. g3 Qc7 6. Bg2 Nc6 7. O-O Nf6 8.
Nxc6 bxc6 9. c4 Bc5 10. Nc3 e5 11. Kh1 d6 12. Be3 Bxe3 13. fxe3 Be6 14. b3 O-O
15. h3 Rfd8 16. Kh2 Nd7 17. Nd5 Qb7 18. Qh5 Nf8 19. Nc3 a5 20. Rf2 Qb4 21. Na4
Nd7 22. Raf1 Rf8 23. Qh4 Nc5 24. Nxc5 Qxc5 25. Re2 a4 26. g4 axb3 27. axb3 Ra3
28. Rb2 Rb8 29. Qe7 Ra7 30. Qg5 h6 31. Qh4 Qxe3 32. Rbf2 Rxb3 33. Qd8+ Kh7 34.
Qxd6 Qd4 35. Qxc6 Qxc4 36. Qd6 Qd4 37. Qf8 Rab7 38. g5 hxg5 39. Qe8 Qd7 40. Qf8
Qe7 41. Qa8 f6 42. h4 gxh4 43. Qa1 h3 44. Bh1 R3b4 45. Qd1 Rb2 46. Qh5+ Kg8 47.
Bf3 Rxf2+ 48. Rxf2 Ra7 49. Rb2 Ra2 50. Rxa2 Bxa2 51. Qxh3 Be6 52. Qg2 Qf7 53.
Kg1 g5 54. Qd2 Kg7 55. Qd8 Qd7 56. Qa5 Qd4+ 57. Kg2 Qb2+ 58. Kg3 Qb7 59. Qc5
Qd7 60. Qa5 Bf7 61. Bg4 Qd3+ 62. Bf3 Qe3 63. Kg2 Qf4 64. Qb4 g4 65. Bd1 Bg6 66.
Bc2 Kh6 67. Qe1 Qf3+ 68. Kg1 g3 69. Qd2+ Qf4 70. Qxf4+ exf4 71. Kg2 Kg5 72. Kf3
Bh5+ 73. Kg2 Kh4 74. Bd3 f3+ 75. Kg1 Kg5 76. Bc2 Kf4 77. e5 fxe5 78. Bd1 e4 79.
Bxf3 exf3 80. Kf1 Ke3 81. Kg1 Bg4 82. Kh1 Bh3 83. Kg1 f2+ 84. Kh1 f1=R# 0-1

[Event "Titled Tuesday 2022.08.30 Early"]
[Site "chess.com INT"]
[Date "2022.08.30"]
[Round "2"]
[White "Hambleton, Aman"]
[Black "Mathieu, Phileas"]
[Result "1-0"]
[WhiteElo "2436"]
[BlackElo "2320"]
[PlyCount "22"]
[EventDate "2022.08.30"]
[EventType "swiss (blitz)"]
[EventRounds "11"]
[EventCountry "NET"]
[Source "Mark Crowther"]
[SourceDate "2022.09.05"]

1. d4 Nf6 2. Bf4 c5 3. e3 d5 4. c3 Nc6 5. Nd2 Bf5 6. Qb3 Qb6 7. dxc5 Qxb3 8.
axb3 e5 9. Bg3 Bxc5 10. Ngf3 d4 11. b4 Bb6 1-0

[Event "Titled Tuesday 2022.08.30 Early"]
[Site "chess.com INT"]
[Date "2022.08.30"]
[Round "3"]
[White "Balkum, A."]
[Black "Hambleton, Aman"]
[Result "0-1"]
[WhiteElo "2107"]
[BlackElo "2436"]
[PlyCount "62"]
[EventDate "2022.08.30"]
[EventType "swiss (blitz)"]
[EventRounds "11"]
[EventCountry "NET"]
[Source "Mark Crowther"]
[SourceDate "2022.09.05"]

1. e4 c5 2. Nf3 e6 3. d4 cxd4 4. Nxd4 a6 5. Nc3 Qc7 6. Bd3 Bc5 7. Be3 Nf6 8.
Qe2 d6 9. O-O e5 10. Nb3 Bxe3 11. Qxe3 Be6 12. f3 O-O 13. Kh1 Nbd7 14. a4 Nb6
15. f4 Ng4 16. Qg3 exf4 17. Rxf4 Ne5 18. Nd4 Nbc4 19. Nd5 Bxd5 20. exd5 Nxd3
21. cxd3 Ne5 22. Nf5 g6 23. d4 Nd7 24. Rh4 Nf6 25. Rf1 Qd8 26. Qh3 Kh8 27. Nxd6
Qxd6 28. Rxf6 Qxf6 29. Rxh7+ Kg8 30. Rh8+ Qxh8 31. Qxh8+ Kxh8 0-1

[Event "Titled Tuesday 2022.08.30 Early"]
[Site "chess.com INT"]
[Date "2022.08.30"]
[Round "4"]
[White "Hambleton, Aman"]
[Black "Tang, Andrew"]
[Result "0-1"]
[WhiteElo "2436"]
[BlackElo "2505"]
[PlyCount "62"]
[EventDate "2022.08.30"]
[EventType "swiss (blitz)"]
[EventRounds "11"]
[EventCountry "NET"]
[Source "Mark Crowther"]
[SourceDate "2022.09.05"]

1. d4 d5 2. c4 e6 3. Nc3 Be7 4. cxd5 exd5 5. Bf4 c6 6. e3 Bf5 7. g4 Be6 8. h4
Nd7 9. g5 h6 10. g6 Ngf6 11. gxf7+ Bxf7 12. Bd3 Nh5 13. Bh2 O-O 14. Nf3 Be6 15.
Ng5 Bxg5 16. hxg5 Qxg5 17. Bd6 Bg4 18. Be2 Bxe2 19. Qxe2 Rf5 20. O-O-O Qf6 21.
Ba3 Qf7 22. Rh2 Re8 23. Rg1 Re6 24. b3 Ndf6 25. Qd1 Nh7 26. Qd2 Ng5 27. Rxg5
Rxg5 28. Kb2 Nf6 29. Ne2 Ng4 30. Rg2 Nxf2 31. Rh2 Rxe3 0-1

[Event "Titled Tuesday 2022.08.30 Early"]
[Site "chess.com INT"]
[Date "2022.08.30"]
[Round "5"]
[White "Korelskiy, Egor"]
[Black "Hambleton, Aman"]
[Result "0-1"]
[WhiteElo "2227"]
[BlackElo "2436"]
[PlyCount "64"]
[EventDate "2022.08.30"]
[EventType "swiss (blitz)"]
[EventRounds "11"]
[EventCountry "NET"]
[Source "Mark Crowther"]
[SourceDate "2022.09.05"]

1. e4 c5 2. Nf3 e6 3. Qe2 Nc6 4. g3 e5 5. Bg2 Nf6 6. O-O d6 7. Nc3 Bg4 8. d3
Nd4 9. Qd1 Be7 10. Be3 Qd7 11. Bxd4 cxd4 12. Ne2 O-O 13. c3 dxc3 14. Nxc3 Rfe8
15. d4 Bf8 16. Qd3 Rad8 17. Rad1 a6 18. Rfe1 h6 19. Rd2 Qc7 20. Qe3 Be6 21. Rc1
Qb8 22. Rcd1 Rc8 23. h3 b5 24. dxe5 dxe5 25. Nd5 Bxd5 26. exd5 Bc5 27. Qb3 e4
28. Nh4 e3 29. Rc2 exf2+ 30. Kh2 Re3 31. Rd3 Qxg3+ 32. Kh1 Re1+ 0-1

[Event "Titled Tuesday 2022.08.30 Early"]
[Site "chess.com INT"]
[Date "2022.08.30"]
[Round "6"]
[White "Deac, Bogdan Daniel"]
[Black "Hambleton, Aman"]
[Result "1-0"]
[WhiteElo "2699"]
[BlackElo "2436"]
[PlyCount "41"]
[EventDate "2022.08.30"]
[EventType "swiss (blitz)"]
[EventRounds "11"]
[EventCountry "NET"]
[Source "Mark Crowther"]
[SourceDate "2022.09.05"]

1. d4 Nf6 2. c4 e6 3. Nc3 Bb4 4. e3 O-O 5. Bd3 d5 6. a3 dxc4 7. Bxc4 Bd6 8. Nf3
Nc6 9. O-O a6 10. h3 e5 11. Qc2 Qe7 12. d5 Nb8 13. e4 Re8 14. Ne2 Nbd7 15. Ng3
Nf8 16. Nh4 g6 17. Bg5 Kg7 18. Nhf5+ gxf5 19. exf5 h6 20. Bxf6+ Qxf6 21. Nh5+
1-0

[Event "Titled Tuesday 2022.08.30 Early"]
[Site "chess.com INT"]
[Date "2022.08.30"]
[Round "7"]
[White "Hambleton, Aman"]
[Black "Sourath, Biswas"]
[Result "1-0"]
[WhiteElo "2436"]
[BlackElo "2302"]
[PlyCount "87"]
[EventDate "2022.08.30"]
[EventType "swiss (blitz)"]
[EventRounds "11"]
[EventCountry "NET"]
[Source "Mark Crowther"]
[SourceDate "2022.09.05"]

1. d4 Nf6 2. c4 g6 3. Nc3 Bg7 4. e4 O-O 5. f3 d6 6. Be3 c5 7. dxc5 dxc5 8. Qxd8
Rxd8 9. Bxc5 Nc6 10. Nd5 Nd7 11. Bxe7 Nxe7 12. Nxe7+ Kf8 13. Nd5 Bxb2 14. Rb1
Bg7 15. Nh3 Nb6 16. Nhf4 g5 17. Nh5 Bd4 18. h4 g4 19. Nhf6 gxf3 20. gxf3 Kg7
21. Nh5+ Kh6 22. Nhf4 f5 23. Bd3 fxe4 24. fxe4 Bg4 25. Kd2 Rac8 26. Rb4 Bc5 27.
Rb5 Bd4 28. Rc1 Na4 29. Rxb7 Nc5 30. Re7 Re8 31. Rb1 Rxe7 32. Nxe7 Re8 33. Nfd5
Be6 34. Nf5+ Kh5 35. Nxd4 Bxd5 36. exd5 Rg8 37. Be2+ Kxh4 38. Rb5 Ne4+ 39. Ke3
Nc3 40. Rb3 Rg3+ 41. Nf3+ Kh3 42. Rxc3 h6 43. Rc1 Kg2 44. Rg1+ 1-0

[Event "Titled Tuesday 2022.08.30 Early"]
[Site "chess.com INT"]
[Date "2022.08.30"]
[Round "8"]
[White "Hambleton, Aman"]
[Black "Danielyan, Vahe"]
[Result "1-0"]
[WhiteElo "2436"]
[BlackElo "2284"]
[PlyCount "83"]
[EventDate "2022.08.30"]
[EventType "swiss (blitz)"]
[EventRounds "11"]
[EventCountry "NET"]
[Source "Mark Crowther"]
[SourceDate "2022.09.05"]

1. d4 d5 2. Bf4 g6 3. e3 Bg7 4. c3 Nf6 5. h3 O-O 6. Nf3 b6 7. Nbd2 Ba6 8. Bxa6
Nxa6 9. O-O c5 10. Be5 Qd7 11. Re1 Nc7 12. a4 Rac8 13. b4 cxb4 14. cxb4 Nfe8
15. Qb3 Nd6 16. Rec1 Ne6 17. Qxd5 Rxc1+ 18. Rxc1 Qxa4 19. Bxd6 exd6 20. Qxd6
Rd8 21. Qe7 Bf8 22. Qb7 Bxb4 23. Ne5 Rf8 24. Rc8 Ng5 25. Ne4 Bd6 26. Rxf8+ Kxf8
27. Nxg5 Qa1+ 28. Kh2 Bxe5+ 29. dxe5 Qxe5+ 30. f4 Qe8 31. Qxa7 h6 32. Nf3 Qxe3
33. Qb8+ Ke7 34. Qc7+ Ke6 35. Qc6+ Kf5 36. Qd7+ Ke4 37. Qe7+ Kd3 38. Qxf7 b5
39. Qd5+ Ke2 40. Qxb5+ Kf2 41. Qb1 Qxf4+ 42. Kh1 1-0

[Event "Titled Tuesday 2022.08.30 Early"]
[Site "chess.com INT"]
[Date "2022.08.30"]
[Round "9"]
[White "Mitrabha, G."]
[Black "Hambleton, Aman"]
[Result "1-0"]
[WhiteElo "2471"]
[BlackElo "2436"]
[PlyCount "133"]
[EventDate "2022.08.30"]
[EventType "swiss (blitz)"]
[EventRounds "11"]
[EventCountry "NET"]
[Source "Mark Crowther"]
[SourceDate "2022.09.05"]

1. c4 c5 2. Nc3 b6 3. Nf3 Bb7 4. g3 Bxf3 5. exf3 Nc6 6. Bg2 g6 7. O-O Bg7 8. f4
Nh6 9. d3 Nf5 10. Bd2 Rc8 11. Re1 O-O 12. Rc1 e6 13. b3 Re8 14. h4 h5 15. Ne4
Ncd4 16. Bc3 d5 17. Ng5 Qd7 18. Kh2 Rcd8 19. Qd2 Nc6 20. Bxg7 Kxg7 21. Qb2+
Ncd4 22. b4 dxc4 23. bxc5 cxd3 24. c6 Qe7 25. Red1 e5 26. Rxd3 exf4 27. c7
fxg3+ 28. fxg3 Rc8 29. Nf3 Rxc7 30. Nxd4 Nxd4 31. Qxd4+ Kh7 32. Rxc7 Qxc7 33.
Rc3 Qe7 34. Rf3 f5 35. Rd3 Qf7 36. a4 Re7 37. Qd8 Qg7 38. Qb8 Qe5 39. Qxe5 Rxe5
40. Rd7+ Kh6 41. Rxa7 Re3 42. Rb7 Ra3 43. Bc6 Ra2+ 44. Kg1 Ra3 45. Kf2 Ra2+ 46.
Ke3 Ra3+ 47. Kf4 Rb3 48. Bb5 Rb4+ 49. Ke5 Rg4 50. Rxb6 Rxg3 51. a5 Re3+ 52. Kd5
f4 53. a6 Ra3 54. Kd4 f3 55. Bd3 f2 56. Rxg6+ Kh7 57. Rf6+ Kg7 58. Rxf2 Ra4+
59. Bc4 Kh6 60. Kc5 Ra5+ 61. Bb5 Ra3 62. Kb6 Re3 63. a7 Re6+ 64. Bc6 Re8 65.
a8=Q Rg8 66. Rf6+ Rg6 67. Qh8# 1-0

[Event "Titled Tuesday 2022.08.30 Early"]
[Site "chess.com INT"]
[Date "2022.08.30"]
[Round "10"]
[White "Hambleton, Aman"]
[Black "Aizpurua, Patrick Emilio"]
[Result "1-0"]
[WhiteElo "2436"]
[BlackElo "2310"]
[PlyCount "211"]
[EventDate "2022.08.30"]
[EventType "swiss (blitz)"]
[EventRounds "11"]
[EventCountry "NET"]
[Source "Mark Crowther"]
[SourceDate "2022.09.05"]

1. d4 Nf6 2. c4 e6 3. Nc3 Bb4 4. Qc2 c5 5. dxc5 Na6 6. a3 Bxc3+ 7. Qxc3 Nxc5 8.
f3 d6 9. e4 O-O 10. Be3 Qc7 11. Nh3 e5 12. Nf2 Be6 13. Be2 Rfc8 14. O-O a5 15.
a4 Qb6 16. Nd3 Nfd7 17. Nxc5 Nxc5 18. Ra3 Qb4 19. Rfa1 Ra6 20. Bd2 Qb6 21. Kh1
Nd7 22. b3 Nc5 23. Qe3 Qc7 24. Bd1 h6 25. Bc2 Rc6 26. Re1 Na6 27. Raa1 Nc5 28.
Rac1 b6 29. Rcd1 Qe7 30. Bc1 Qh4 31. Kg1 Na6 32. Bb2 Nb4 33. Bb1 Qh5 34. Re2
Kf8 35. Red2 Ke7 36. Ba3 Qg5 37. Qc3 Qf6 38. Bxb4 axb4 39. Qxb4 Bd7 40. Qc3 g5
41. Qe3 h5 42. Rf2 Qf4 43. Qd3 Be6 44. Qd2 Qf6 45. Rdf1 h4 46. Qe3 Rc5 47. Bd3
Qf4 48. Re2 Qxe3+ 49. Rxe3 f6 50. Rd1 R8c7 51. Kf2 Rc8 52. Be2 R8c7 53. Red3
R5c6 54. R3d2 Ra7 55. Ke3 Ra8 56. Re1 Ra7 57. Kd3 Ra8 58. Kc3 Rb8 59. Kb4 Rc5
60. Bd3 Rd8 61. Red1 Rd7 62. Bc2 Rd8 63. g3 h3 64. Rf2 Rd7 65. Rdf1 Rd8 66. f4
gxf4 67. gxf4 Rg8 68. f5 Bf7 69. Rf3 Rg2 70. R1f2 Bh5 71. Rxg2 hxg2 72. Rg3 Bf3
73. Kc3 Rc8 74. Kd2 Rh8 75. Ke3 Rxh2 76. Kxf3 g1=Q 77. Rxg1 Rxc2 78. Rb1 Kd7
79. Ke3 Kc6 80. Kd3 Rh2 81. Kc3 Kc5 82. Rd1 Rh3+ 83. Rd3 Rh4 84. Re3 Rh1 85.
b4+ Kc6 86. Rd3 Re1 87. b5+ Kc7 88. Rg3 Rxe4 89. Rg7+ Kc8 90. Rf7 Re3+ 91. Kb4
Re4 92. Rxf6 d5 93. Rc6+ Kb7 94. f6 d4 95. Re6 d3 96. Re7+ Kc8 97. f7 Rf4 98.
Re8+ Kc7 99. f8=Q Rxf8 100. Rxf8 d2 101. Rf1 e4 102. Kc3 e3 103. Kd3 Kd6 104.
Kxe3 Kc5 105. Kxd2 Kxc4 106. Kc2 1-0

[Event "Titled Tuesday 2022.08.30 Early"]
[Site "chess.com INT"]
[Date "2022.08.30"]
[Round "11"]
[White "Petrovic, Aleksa"]
[Black "Hambleton, Aman"]
[Result "0-1"]
[WhiteElo "2205"]
[BlackElo "2436"]
[PlyCount "102"]
[EventDate "2022.08.30"]
[EventType "swiss (blitz)"]
[EventRounds "11"]
[EventCountry "NET"]
[Source "Mark Crowther"]
[SourceDate "2022.09.05"]

1. d4 Nf6 2. c4 e6 3. Nf3 b6 4. g3 Ba6 5. Qa4 Bb7 6. Bg2 c5 7. dxc5 Bxc5 8. O-O
O-O 9. Nc3 Be7 10. Rd1 d6 11. Bf4 a6 12. Rac1 Qc7 13. b4 Nbd7 14. Qa3 Rfd8 15.
Na4 Nh5 16. c5 bxc5 17. bxc5 Nxf4 18. cxd6 Bxd6 19. Rxc7 Bxa3 20. gxf4 Bxf3 21.
Bxf3 Nf6 22. Rxd8+ Rxd8 23. Ra7 g6 24. Rxa6 Rd2 25. Nc3 Bc1 26. e3 Rc2 27. Ne4
Nxe4 28. Bxe4 Rb2 29. a4 Ra2 30. a5 Kg7 31. Ra8 Bd2 32. a6 Be1 33. a7 Bxf2+ 34.
Kf1 Bxe3 35. Rg8+ Kxg8 36. a8=Q+ Rxa8 37. Bxa8 Bxf4 38. h4 Kg7 39. Kg2 f5 40.
h5 g5 41. Kf3 Be5 42. Bb7 Kf6 43. Bc6 g4+ 44. Kg2 Kg5 45. Be8 Bd6 46. Bf7 Kf6
47. Bg8 h6 48. Kf2 e5 49. Bh7 e4 50. Bg8 Ke5 51. Bf7 f4 0-1

[Event "Titled Tuesday 2022.08.23 Early"]
[Site "chess.com INT"]
[Date "2022.08.23"]
[Round "7"]
[White "Derjabin, Ilja"]
[Black "Hambleton, Aman"]
[Result "1-0"]
[WhiteElo "2333"]
[BlackElo "2436"]
[PlyCount "47"]
[EventDate "2022.08.23"]
[EventType "swiss (blitz)"]
[EventRounds "11"]
[EventCountry "NET"]
[Source "Mark Crowther"]
[SourceDate "2022.08.29"]

1. d4 Nf6 2. c4 e6 3. Nc3 Bb4 4. f3 d5 5. a3 Bxc3+ 6. bxc3 c5 7. e3 dxc4 8.
Bxc4 O-O 9. Ne2 cxd4 10. cxd4 b5 11. Bd3 Bb7 12. O-O a6 13. e4 Nc6 14. Be3 Rc8
15. Kh1 h6 16. Qe1 Nd7 17. Qg3 Kh8 18. Rad1 Nb6 19. Nf4 Nc4 20. Nh5 g6 21. Bxh6
Rg8 22. Qh3 Kh7 23. Bc1 gxh5 24. Qxh5+ 1-0

[Event "Titled Tuesday 2022.08.23 Early"]
[Site "chess.com INT"]
[Date "2022.08.23"]
[Round "8"]
[White "Hambleton, Aman"]
[Black "Begunov, K."]
[Result "1-0"]
[WhiteElo "2436"]
[BlackElo "2325"]
[PlyCount "187"]
[EventDate "2022.08.23"]
[EventType "swiss (blitz)"]
[EventRounds "11"]
[EventCountry "NET"]
[Source "Mark Crowther"]
[SourceDate "2022.08.29"]

1. d4 d5 2. Bf4 c6 3. e3 Nf6 4. c4 Bf5 5. Nc3 e6 6. Qb3 Qc8 7. Rc1 Nbd7 8. h3
Be7 9. Nf3 O-O 10. Be2 Ne4 11. O-O Bd8 12. cxd5 Nxc3 13. bxc3 exd5 14. c4 dxc4
15. Bxc4 Bc7 16. Bxc7 Qxc7 17. d5 Nc5 18. Qa3 b6 19. Nd4 Bd7 20. dxc6 Bxc6 21.
Nxc6 Qxc6 22. Rfd1 Qc7 23. Rd4 Rad8 24. Rcd1 Rxd4 25. exd4 Ne4 26. Qd3 Qf4 27.
Qe3 Qxe3 28. fxe3 Rc8 29. Bb3 Kf8 30. Kf1 f5 31. Ke1 Ke7 32. g4 fxg4 33. hxg4
h6 34. Ra1 Nf6 35. g5 hxg5 36. Ke2 g4 37. Kd3 Rh8 38. Rg1 Rh3 39. Bd1 Ke6 40.
Bxg4+ Nxg4 41. Rxg4 Kf6 42. a4 g5 43. a5 bxa5 44. Rg2 Kf5 45. d5 g4 46. Kd4 g3
47. e4+ Kf4 48. e5 Kf3 49. Rg1 Kf2 50. Ra1 g2 51. e6 Rh1 52. Ra2+ Kf3 53. Rxg2
Kxg2 54. e7 Re1 55. d6 a4 56. Kc3 Re6 57. Kb4 Re4+ 58. Ka3 Kf3 59. d7 Rxe7 60.
d8=Q Re4 61. Qf6+ Ke3 62. Qc3+ Kf4 63. Qc5 Kf3 64. Qd5 Ke3 65. Kb2 Rd4 66. Qe5+
Re4 67. Qg5+ Kd4 68. Qf6+ Ke3 69. Kc3 a6 70. Qb6+ Kf3 71. Qf6+ Ke3 72. Qf1 Rf4
73. Qe1+ Kf3 74. Kd3 a3 75. Qf1+ Kg4 76. Qg1+ Kf5 77. Qc5+ Kg4 78. Ke2 a2 79.
Qg1+ Kf5 80. Qc5+ Kg4 81. Qa5 Re4+ 82. Kf2 Rf4+ 83. Kg2 Re4 84. Qxa2 Re6 85.
Qxe6+ Kf4 86. Qxa6 Ke4 87. Qf1 Ke3 88. Qf3+ Kd2 89. Kg3 Ke1 90. Kf4 Kd2 91. Ke4
Ke1 92. Qg2 Kd1 93. Kd3 Kc1 94. Qc2# 1-0